| 000 | 01565nam a2200397 c 4500 | ||
|---|---|---|---|
| 003 | BLK | ||
| 005 | 20231031091344.0 | ||
| 008 | 180408b bul|||||r ||||||| ||bul|| | ||
| 010 | _aKNG00089990000 | ||
| 020 |
_a954-549-060-8 _bиздат.: Феномен |
||
| 040 | _aBLK | ||
| 041 |
_aBUL _cBUL |
||
| 072 | 7 |
_2bullib _aН8400 _xБългарска поезия Н |
|
| 080 |
_aБългарска литература _b821.163.2 _x-1(082.2) _z821.163.2-1(082.2) |
||
| 700 |
_aКасабова, Благовеста Йорданова _9368545 |
||
| 700 | 1 |
_aБосяцки, Евгений Димитров _eил. _9364675 |
|
| 139 |
_aЛирична прегръдка _bЛ 67 |
||
| 245 | 1 | 0 |
_aЛирична прегръдка _b155 бълг. поети за Русия и Москва _cред. кол. Благовеста Йорданова Касабова; ил. Евгений Димитров Босяцки. |
| 257 | _aBGR | ||
| 260 |
_аСофия _bФеномен _c2006 _fКостинброд : Мултипринт |
||
| 300 |
_a252 с. _c21 см |
||
| 380 | _aX | ||
| 500 | _aИзд. на Дом на Москва в София. - Офс. изд. | ||
| 651 | 4 |
_aМосква _9179243 |
|
| 651 | 4 |
_aРусия _9179465 |
|
| 653 | _aстихотворения | ||
| 653 | _aМосква | ||
| 653 | _aРусия | ||
| 659 | _aН | ||
| 852 | _aЦб 244350 | ||
| 856 | 4 |
_qpdf _u |
|
| 856 | 4 |
_qpdf _u |
|
| 942 |
_cKNG _n0 |
||
| 944 |
_aCR _c17.06.2009 _lКети Илиева _k30550 |
||
| 944 |
_aED _c12.11.2010 _lф / _k |
||
| 999 |
_c85390 _d85390 |
||